| 000 | 00624nam a22002057a 4500 | ||
|---|---|---|---|
| 999 |
_c18219 _d18219 |
||
| 003 | AR-CdUCM | ||
| 008 | 190401b ||||| |||| 00| 0 spa d | ||
| 040 |
_aMUNICIPALIDAD PROVINCIAL DEL CUSCO _cBIBLIOTECA MUNICIPAL DEL CUSCO |
||
| 082 |
_a800 / _bS47 |
||
| 100 |
_aShakespeare, William _91013 |
||
| 245 | _aHamlet / | ||
| 260 |
_aEspaƱa : _bSalvat editores, _bAlianza editorial, _c1972. |
||
| 300 |
_a177 paginas ; _c19 cm. |
||
| 505 | _aContenido :Hamlet. | ||
| 650 |
_aLiteratura _983 |
||
| 650 |
_aHistorietas _910786 |
||
| 700 |
_aMoratin, Fernandez de _938682 |
||
| 942 |
_2ddc _cLIBROS |
||
| 945 |
_apjha _d2019-05-13 |
||